Normal view
MARC view
- RAUF, SANA
Entry Personal Name
001 - CONTROL NUMBER
- control field: 120136
003 - CONTROL NUMBER IDENTIFIER
- control field: NUST
005 - DATE AND TIME OF LATEST TRANSACTION
- control field: 20240129093912.0
008 - FIXED-LENGTH DATA ELEMENTS
- fixed length control field: 240129|| aca||aabn | a|a d
040 ## - CATALOGING SOURCE
- Original cataloging agency: NUST
- Transcribing agency: NUST
100 ## - HEADING--PERSONAL NAME
- Personal name: RAUF, SANA
670 ## - SOURCE DATA FOUND
- Source citation: Work cat.: (NUST): RAUF, SANA, CHALLENGES AND OPPORTUNITIES OF INVESTIGATIVE JOURNALISM IN PAKISTAN/
